[Event "Mlada Boleslav Region-ch U20"]
[Site "Mlada Boleslav"]
[Date "2014.06.21"]
[Round "2"]
[White "Dolezal, Karel1111"]
[Black "Kolomaznik, Ondrej"]
[Result "1-0"]
[WhiteElo "1233"]
[BlackElo "1095"]
[PlyCount "101"]
[EventDate "2014.06.21"]
[EventType "swiss"]
[EventRounds "7"]
[EventCountry "CZE"]
[SourceTitle "EXT 2016"]
[Source "ChessBase"]
[SourceDate "2015.10.08"]
[SourceVersion "1"]
[SourceVersionDate "2015.10.08"]
[SourceQuality "1"]

1. e4 e5 2. Nf3 Nc6 3. Nc3 Nf6 4. Bb5 Bb4 5. h3 Bxc3 6. bxc3 0-0 7. d3 a6 8. Bxc6 bxc6 9. Nxe5 d5 10. Bg5 Qe7 11. Nxc6 Qe6 12. Nd4 Qe5 13. Bxf6 Qxf6 14. 0-0 dxe4 15. dxe4 Qg5 16. Qf3 c5 17. Nf5 Bxf5 18. Qxf5 Qxf5 19. exf5 Rad8 20. Rfd1 Rxd1+ 21. Rxd1 h6 22. Rd5 Rc8 23. Rd6 a5 24. Rb6 Rd8 25. Rb5 Rd2 26. Rxc5 Rxc2 27. Rxa5 Rxc3 28. g3 Rf3 29. Kg2 Rd3 30. a4 Rd4 31. Ra6 Rd5 32. f6 gxf6 33. Rxf6 Kg7 34. Rf3 Ra5 35. Ra3 Ra6 36. a5 Rg6 37. Ra4 f5 38. a6 h5 39. a7 h4 40. a8R hxg3 41. fxg3 Kh6 42. g4 fxg4 43. Rxg4 Rxg4+ 44. hxg4 Kg5 45. Kg3 Kg6 46. Kf4 Kh6 47. Kf5 Kg7 48. g5 Kh7 49. Ra7+ Kg8 50. Kg6 Kh8 51. Ra8# 1-0